Uso de las concepciones teóricas sobre los determinantes sociales de la salud /

En este artículo se hace referencia al concepto de determinantes sociales de la salud, presentando una gran variedad de definiciones al respecto, desde los diferentes modelos de análisis y enfoques que los abordan, con la finalidad de comprender su fundamentación y complejidad. Los cuales según la C...

Fuld beskrivelse

Guardado en:
Bibliografiske detaljer
Hovedforfatter: Alfaro Porras, Eyleen
Format: Texto
Fag:
Tags: Tilføj Tag
Ingen Tags, Vær først til at tagge denne postø!

MARC

LEADER 00000 a a2200000 04500
001 40837
003
040
100 |a Alfaro Porras, Eyleen  
245 |a Uso de las concepciones teóricas sobre los determinantes sociales de la salud /  |c Eyleen Alfaro Porras  
520 |a En este artículo se hace referencia al concepto de determinantes sociales de la salud, presentando una gran variedad de definiciones al respecto, desde los diferentes modelos de análisis y enfoques que los abordan, con la finalidad de comprender su fundamentación y complejidad. Los cuales según la Comisión sobre Determinantes Sociales de la Salud, de la Organización Mundial de la Salud, se ligan a diferencias económicas, de clase social, de genero, étnicas, multiculturalidad y generacionales.  
590 |a SJB/MAYO2011  
650 |a ACCESO A LA SALUD  
650 |a CONDICIONES DE SALUD  
650 |a SISTEMA DE SALUD  
650 |a EXCLUSION SOCIAL  
650 |a ASPECTOS SOCIALES  
650 |a ASPECTOS ECONOMICOS  
650 |a ASPECTOS POLITICOS  
650 |a SALUD PUBLICA  
650 |a SALUD  
650 |a OMS  
773 |g páginas 43-56  
999 |c 23065  |d 23065